Najpopularniejsze utwory White'a 2115. - Statystyki

Ogólne statystyki
  • Ten quiz został rozwiązany 294 razy
  • Średni wynik to 9 z 15
Statystyki odpowiedzi
Wyświetlenia Gość Utwór % Poprawnych
78 mln California
100%
25 mln Morgan
79%
39 mln Mogę Dziś Umierać
77%
34 mln Bedoes i Kuqe 2115 Nowi Kumple
73%
17 mln Rockstar
72%
31 mln La Vida Loca
69%
15 mln Noc
64%
17 mln Pałac
64%
11 mln Do Zachodu Słońca
57%
9 mln Papieros
50%
9 mln Trzy Butelki
46%
7 mln Porsche
44%
10 mln Sen
42%
7 mln Białas Sos Mula
40%
8 mln Cry Baby
38%
Nie znaleziono quizów pasujących do podanych kryteriów
Rozkład punktacji
Procent ludzi z każdym wynikiem
Percentyl według liczby udzielonych odpowiedzi
Twoja historia wyników
Nie rozwiązałeś tego quizu